000 00235nam a22000977a 4500
008 170125b xxu||||| |||| 00| 0 eng d
041 _aeng
080 _25TH
_a618.2
245 _aPROFESSIONAL NURSING PRACTICE
_cBLAIS, K.K
942 _2udc
_cBK
999 _c3582
_d3582